00378nam a22001217a 4500020000800000040001600008082001700024100002900041245010300070250001200173260003200185300003900217 qPB. cFIZZA ISHAQ a621.043bPUL aPulkrabek , Willard W.  aPearson India Engineering Fundamentals of the Internal Combustion Engine /c Willard W. Pulkrabek. a2nd ED. aNew Delhi:bPearson,c2015. a485 p. ;c 7.99 x 10 x 1.85 inches